| 000 | 00703nam a2200205 a 4500 | ||
|---|---|---|---|
| 001 | 000039971 | ||
| 005 | 20201002033835.0 | ||
| 008 | 130801s1997 mx d 000 0 spa d | ||
| 020 | _a9701016904 | ||
| 040 |
_aDO-SdBNP _bspa _cBNPHU |
||
| 082 | _axxx | ||
| 100 | 1 |
_aBierman Jr., Harold _952526 |
|
| 245 | 1 | 0 |
_aAnálisis cuantitativo para la toma de decisiones / _cHarold Bierman, Charles P. Bonini, Warren H. Hausman; versión en español Ernesto Morales Peake. |
| 250 | _a8a ed. | ||
| 260 |
_aMéxico : _bMcGraw-Hill, _c1997. |
||
| 300 |
_a756 p. : _bdiagrs, ; _c24 cm. |
||
| 700 | 1 |
_aBonini, Charles P. _966187 |
|
| 700 | 1 |
_aHausman, Warren H. _966188 |
|
| 700 | 1 |
_aMorales Peake, Ernesto, _etr. _944851 |
|
| 999 |
_c39461 _d39461 |
||